Statistics for Every Taylor Dayne song that hit the Billboard hot 100

Click here to take the quiz!

General Stats

  • This quiz has been taken 4 times
  • The average score is 6 of 10

Answer Stats

Peak Chart PositionYearSong% Correct
11990Love Will Lead You Back
75%
71988Tell It To My Heart(Dub)
75%
121990Heart Of Stone
75%
21989Don't Rush Me
50%
31988I'll Always Love You
50%
41990I'll Be Your Shelter
50%
51989With Every Beat Of My Heart
50%
71988Prove Your Love
50%
201993Can't Get Enough Of Your Love
50%
501993Send Me A Lover
25%

Score Distribution

Percentile by Number Answered

Percent of People with Each Score

Your Score History

You have not taken this quiz